Statistics for 10 Most Famous and Favorite Festivals in the Philippines

Click here to take the quiz!

General Stats

  • This quiz has been taken 2,221 times
  • The average score is 6 of 10

Answer Stats

HintAnswer% Correct
Cebu City, PhilippinesSinulog
84%
Kalibo, AklanAti-atihan
81%
Bacolod City, PhilippinesMaskara
75%
Baguio City, PhilippinesPanagbenga
73%
Iloilo City, PhilippinesDinagyang
58%
LucBan, QuezonPahiyas
56%
Angono, RizalHigantes
51%
Marinduque, PhilippinesMoriones
46%
Davao City, PhilippinesKadayawan
40%
Tacloban City, Leyte, PhilippinesPintados
24%

Score Distribution

Percentile by Number Answered

Percent of People with Each Score

Your Score History

You have not taken this quiz